UBT Library

ART EXPRESS (Record no. 39483)

000 -LEADER
fixed length control field 00280nam a22001337a 4500
008 - FIXED-LENGTH DATA ELEMENTS--GENERAL INFORMATION
fixed length control field 171227b xxu||||| |||| 00| 0 eng d
020 ## - INTERNATIONAL STANDARD BOOK NUMBER
International Standard Book Number 9780153093135
041 ## - LANGUAGE CODE
Language code of text/sound track or separate title eng
080 ## - UNIVERSAL DECIMAL CLASSIFICATION NUMBER
Universal Decimal Classification number 7
100 ## - Rafti
Rafti 41
101 ## - Shkurtesa
Shkurtesa ART
245 ## - TITLE STATEMENT
Title ART EXPRESS
Statement of responsibility, etc DANIEL,V.A
942 ## - ADDED ENTRY ELEMENTS (KOHA)
Source of classification or shelving scheme
Item type Books
Holdings
Withdrawn status Lost status Source of classification or shelving scheme Damaged status Not for loan Collection code Permanent location Current location Shelving location Date acquired Total Checkouts Full call number Barcode Date last seen Price effective from Koha item type
          Koleksioni i përgjithshem UBT - Lipjan UBT - Lipjan Koleksioni i përgjithshem 12/27/2017   7 DAN 002-2994018 12/27/2017 12/27/2017 Books
          Koleksioni i përgjithshem UBT - Lipjan UBT - Lipjan Koleksioni i përgjithshem 03/12/2021   7 DAN 002-7001867 03/12/2021 03/12/2021 Books
UBT Library © 2015-2024. All rights reserved University Education for Business and Technology